000 00634nam a22001937a 4500
999 _c1433
_d1433
003 AR-CdUCM
008 190227b ||||| |||| 00| 0 spa d
040 _aMUNICIPALIDAD PROVINCIAL DEL CUSCO
_cBIBLIOTECA MUNICIPAL DEL CUSCO
082 _a912.985 /
_bO28
100 _aOCÉANO
_95429
245 _aGeografía y cartografía del Perú /
260 _aEspaña :
_bOcéano ,
_c1982.
300 _a96 páginas ;
_bfotografías.
_c30 cm.
505 _aGeografía del Perú -- Cartografía del Perú...
650 _ageografía peruana.
_95430
650 _aCartografía peruana.
_95431
942 _2ddc
_cLIBROS
945 _awfj
_d2019-02-27